Statistiques concernant Les plus grandes villes d'Espagne

Cliquez ici pour prendre le quiz!

Statistiques générales

  • Ce quiz a été pris 2 660 fois
  • Le résultat moyen est 6 sur 10

Statistiques - réponses

NombreVille% Correct
6 321 398Madrid
100%
4 971 701Barcelone
99%
1 499 673Séville
94%
1 384 871Valence
90%
1 144 125Bilbao
82%
907 354Malaga
69%
471 387Alicante
34%
763 723Murcie
32%
668 382Las Palmas
25%
863 050Asturies
4%

Distribution des résultats

Percentile par nombre de réponses

% des personnes avec chaque résultat

Votre développement - résultats

Vous n’avez pas pris ce quiz